000 00691cam a2200205 4500
001 ABS61996
008 000000n2000 000 0 eng u
035 _a(Sirsi) u104319
100 _aWard, C.
245 _aWhen things aren't where they should be
260 _c2000
490 _aThe Valuer
_v69(1) January/February 2000 19(1)
520 _aOutlines the ways in which a "fixtures and fittings questionnaire" can be used to protect home buyers from vendors who leave properties damaged or uninhabitable by removing fixtures and fittings.
590 _aABS
650 _aHOUSE BUYERS
650 _aVENDORS
650 _aFIXTURES AND FITTINGS
690 _aPROPERTY
942 _n0
999 _c62590
_d62590